<The> Investor's Guide to Stock Quotations and Other Financial Listings

Na minha lista:
Detalhes bibliográficos
Autor principal: Warfield, Gerald
Formato: Livro
Idioma:inglês
Publicado em: New York Harper and Row Pub. 1990
Edição:3. ed.
Tags: Adicionar Tag
Sem tags, seja o primeiro a adicionar uma tag!

MARC

LEADER 00000nam a2200000 4500
001 c023422
005 20221215114031.5
041 0 |a eng 
044 |a US 
245 1 0 |a <The> Investor's Guide to Stock Quotations and Other Financial Listings  |c Gerald Warfield 
250 |a 3. ed. 
264 1 |a New York  |b Harper and Row Pub.  |c 1990 
300 |a 254 s. 
100 1 |a Warfield, Gerald